00293 a2200097 4500001001000000005001700010008004100027245005100068100002200119773005400141ART_3049420260410162003.0260409a 10aLa ética pública y el juicio de residencia1 aCastagno, Antonio0 tForo políticog- Vol. XIX (abr. 1997)wREV30389